000 01646nam a22004097a 4500
003 CHAP
005 20220329143355.0
008 090120s2008 mx r 00010 spa d
010 _a95676
011 _a96648
035 _a107304
040 _cCHAP
090 _aTesis
100 1 _aMárquez Berber, Sergio Roberto.
_976297
245 1 0 _aRentabilidad y competitividad del Trigo :
_bel caso del sur de Sonora
_c/por Sergio Roberto Márquez Berber
260 _aChapingo, Méx. :
_bEl autor,
_c2008
300 _avi, 203 h. :
_bcuadros, gráfs.
502 _aTesis (Ph.D. en Problemas Económico Agroindustriales) -- UACH. Centro de Investigaciones Económicas, Sociales y Tecnológicas de la Agroindustria y la Agricultura Mundial
530 _aTambién disponible en línea
590 _aALEPH
_b10
_c20130110
_lUCH01
_h1525
590 _aBATCH-UPD
_b10
_c20130110
_lUCH01
_h1410
590 _aBATCH-UPD
_b10
_c20130410
_lUCH01
_h0857
590 _aBATCH-UPD
_b10
_c20130914
_lUCH01
_h1020
590 _aBATCH-UPD
_b10
_c20140324
_lUCH01
_h1508
590 _aBATCH-UPD
_b10
_c20141002
_lUCH01
_h0837
590 _aCONVERSION
_b10
_c20130109
_lUCH01
_h1353
650 1 4 _aCompetencia imperfecta.
_926092
650 1 4 _aCostos de producción.
_928514
650 1 4 _aTrigo
_xProducción.
_9115082
650 1 4 _aTrigo
_xRendimiento.
_9115092
650 1 4 _aTrigo
_xSonora.
_9115104
856 _3Finding aid
_uhttp://10.13.5.2/tesis/107304.pdf
_zTeclea aqui
901 _aBK
942 _cFOLL
949 _aTesis
_bBC
_cTES
_d33724002080066
_eTS1
_gDonaciØn
_h48498
_i107304
_sb
949 _aTesis
_bBC
_cTES
_d33724002080108
_eTS2
_fc.2
_gDonaciØn
_h48499
_i107304
_sb
999 _c95676
_d95676